Loading...
| History - European | 0 | 5 | 0 | 0 | 50 | 39 | 78.20 | 2 | 5 | 0.00 | 0.00 |
| Social Science | 0 | 4 | 0 | 1 | 40 | 93 | 105.50 | 0 | 3 | 0.00 | 0.00 |
| History - World | 0 | 3 | 1 | 2 | 25 | 108 | 123.33 | 2 | 3 | 0.00 | 0.00 |
| Science - Physics | 0 | 3 | 1 | 0 | 25 | 59 | 89.00 | 1 | 2 | 0.00 | 0.00 |
| Literature - European | 0 | 2 | 0 | 0 | 20 | 106 | 116.00 | 0 | 0 | 0.00 | 0.00 |
| Mythology | 0 | 2 | 0 | 0 | 20 | 95 | 103.00 | 0 | 2 | 0.00 | 0.00 |
| Science - Biology | 0 | 2 | 1 | 0 | 15 | 65 | 77.50 | 0 | 2 | 0.00 | 0.00 |
| Science - Other | 0 | 2 | 1 | 1 | 15 | 88 | 107.50 | 1 | 1 | 0.00 | 0.00 |
| Fine Arts - Classical Music | 0 | 1 | 0 | 1 | 10 | 124 | 124.00 | 0 | 0 | 0.00 | 0.00 |
| Fine Arts - Other | 0 | 1 | 0 | 0 | 10 | 52 | 52.00 | 0 | 1 | 0.00 | 0.00 |
| History - American | 0 | 1 | 0 | 0 | 10 | 82 | 82.00 | 1 | 1 | 0.00 | 0.00 |
| Philosophy | 0 | 1 | 0 | 0 | 10 | 120 | 120.00 | 0 | 0 | 0.00 | 0.00 |
| Religion | 0 | 1 | 0 | 1 | 10 | 141 | 141.00 | 0 | 1 | 0.00 | 0.00 |
| Science - Chemistry | 0 | 1 | 0 | 0 | 10 | 65 | 65.00 | 1 | 1 | 0.00 | 0.00 |
| History - Other | 0 | 1 | 1 | 0 | 5 | 93 | 93.00 | 0 | 1 | 0.00 | 0.00 |
| Literature - World | 0 | 0 | 0 | 0 | 0 | 0.00 | 0 | 0 | 0.00 | 0.00 | |
| Literature - British | 0 | 0 | 1 | 0 | -5 | 0.00 | 0 | 0 | 0.00 | 0.00 | |
| Literature - American | 0 | 0 | 1 | 0 | -5 | 0.00 | 0 | 0 | 0.00 | 0.00 |